<?xml version="1.0" encoding="UTF-8"?>
<record
    xmlns:xsi="http://www.w3.org/2001/XMLSchema-instance"
    xsi:schemaLocation="http://www.loc.gov/MARC21/slim http://www.loc.gov/standards/marcxml/schema/MARC21slim.xsd"
    xmlns="http://www.loc.gov/MARC21/slim">

  <leader>01714nam a22001337a 4500</leader>
  <controlfield tag="008">111028t        xxu||||| |||| 00| 0 eng d</controlfield>
  <datafield tag="050" ind1=" " ind2=" ">
    <subfield code="a">BV4006.C31</subfield>
  </datafield>
  <datafield tag="245" ind1=" " ind2=" ">
    <subfield code="a">The Resources of pastoral theology and psychology for justice- based peacemaking : speeches and documents, Teplice, Czechoslovakia, June 19-23, 1989. /</subfield>
  </datafield>
  <datafield tag="260" ind1=" " ind2=" ">
    <subfield code="a">Prague:</subfield>
    <subfield code="b">Czechoslovakia,</subfield>
    <subfield code="c">1989.</subfield>
  </datafield>
  <datafield tag="300" ind1=" " ind2=" ">
    <subfield code="a">200 p. ;</subfield>
    <subfield code="c"> 21 cm.</subfield>
  </datafield>
  <datafield tag="505" ind1=" " ind2=" ">
    <subfield code="a">Contents: The Pastoral care network for social responsibility -- The Christian peace conference -- Opening meditation -- Speeches and responses -- Generating resources for justice-based peacemaking -- Response -- The Myth of  fencing in fear as an aspect of pastoral psychology make to justice-based peacemaking in our nuclear world -- Response -- The Myth of fencing in fear as an aspect of pastoral psychological peace work -- Response -- The Nuclear madness pastoral responsibility a Brazillian perspective -- Response -- Task for pastoral theology helping with confession of sins forgiveness and hope -- Response -- Pastoral care and peace -- Response -- Speaking peace peacefully -- Response -- Contributing to justice- based peacemaking -- Pastoral theology and psychology for peace with justice in the nuclear age -- Response -- The Reciprocity of love and vengeance in the theology of Paul -- Response -- New thinking - today's imperative -- Response -- What are the major contibutions of pastoral theology to justice -based peacemaking -- Response -- When christians seek security -- Response -- Pastoral care in the atomic age -- Response -- Experiences of groups for peace , justice, and the intergrity of creation -- Response.</subfield>
  </datafield>
  <datafield tag="650" ind1=" " ind2=" ">
    <subfield code="a">Church and the world. </subfield>
    <subfield code="x">Congresses. </subfield>
  </datafield>
  <datafield tag="942" ind1=" " ind2=" ">
    <subfield code="2">lcc</subfield>
    <subfield code="c">BK</subfield>
  </datafield>
  <datafield tag="999" ind1=" " ind2=" ">
    <subfield code="c">198</subfield>
    <subfield code="d">7698</subfield>
  </datafield>
  <datafield tag="952" ind1=" " ind2=" ">
    <subfield code="0">0</subfield>
    <subfield code="1">0</subfield>
    <subfield code="2">lcc</subfield>
    <subfield code="4">0</subfield>
    <subfield code="7">0</subfield>
    <subfield code="a">WIUC-1</subfield>
    <subfield code="b">WIUC-1</subfield>
    <subfield code="c">GEN</subfield>
    <subfield code="d">2011-10-28</subfield>
    <subfield code="l">0</subfield>
    <subfield code="o">BV4006.C31</subfield>
    <subfield code="p">579/11</subfield>
    <subfield code="r">2011-10-28 00:00:00</subfield>
    <subfield code="t">1</subfield>
    <subfield code="w">2011-10-28</subfield>
    <subfield code="y">BK</subfield>
  </datafield>
</record>
